Responses for Show #6823 - Wednesday, April 23, 2014

Julia Collins game 3.

Contestants

[<< previous game]

Brad Wright, a distribution associate from Spartanburg, South Carolina

Zia Jones, an I.T. consultant from Lake Forest, California

Julia Collins, a supply chain professional from Kenilworth, Illinois (whose 2-day cash winnings total $36,605)

[next game >>]

Jeopardy! Round responses

TECH EDUCATION
GEOGRAPHER'S DICTIONARY
LATIN PREFIXES
(Alex: We'll give you the Latin prefixes. You give us the meaning, please.)
COOKING "P"s
TOUCHDOWNS
CONVERSIONS
    $200 4
Intel

Julia
    $200 26
a duchy

Brad
    $200 1
against

Brad
    $200 19
penne

Julia
    $200 9
Drew Brees

Brad
    $200 14
(Julia: Who is Saint Francis?)

Saint Patrick

JuliaBrad
    $400 5
IBM

Julia
    $400 27
a county seat

Zia
    $400 2
around

Brad
    $400 20
poi

Julia
    $400 10
Tim Tebow

Brad
    $400 15
(Grigori) Rasputin

Julia
    $600 6
Hewlett-Packard (HP)

Brad
    $600 28
a cataract

Triple Stumper
    $600 3
both

Zia
    $600 21
parboil (poach accepted)

Brad
    $600 11
Franco Harris

Brad
    $700 16
Constantine

Julia
    $800 24
Samsung

Julia
    $800 29
Mid-Atlantic

Brad
    $800 7
within

Brad
    $800 22
polenta

Zia
    $800 12
the New York Giants

Triple Stumper
    $800 17
Ben-Hur

Triple Stumper
    $1000 25
TomTom

Triple Stumper
    $1000 30
an enclave

Triple Stumper
    $1000 8
(Brad: What is between?)

below

Brad
Triple Stumper
    $1000 23
pho

Brad
    $1000 13
Joe Montana

Brad
    $1000 18
Hungary

Julia

Scores at the first commercial break (after clue 15):

Julia Zia Brad
$800 $600 $3,400

Scores at the end of the Jeopardy! Round:

Julia Zia Brad
$3,900 $1,800 $6,000

Double Jeopardy! Round responses

LITERARY TITLE FIRST NAMES
THE BODY
THE MAN OF THE HOUSE
BEFORE & AFTER
"B" IN THE TOP 40
APRIL...
    $400 2
Martin

Julia
    $400 1
the kidney

Brad
    $400 15
Paul Ryan

Julia
    $400 20
Pulitzer Prizefighter (Pulitzer Prizefight accepted)

Julia
    $400 10
the Bee Gees

Zia
    $400 7
Garden

Julia
    $800 3
(Brad: What is Venerable?)

Adam

Brad
Triple Stumper
    $800 5
the colon

Julia
    $800 16
Alaska

Brad
    $800 21
a traffic jam session

Brad
    $800 11
the Bangles

Brad
    $800 8
Miles Davis

Brad
    $1200 4
(Brad: What is Maude?)

Moll

ZiaBrad
    $1200 28
ventricle

Zia
    $2,000 17
(Brad: Uh, what is South Dakota?)

Oklahoma

Brad
    $1200 22
key lime pie chart

Triple Stumper
    $1200 12
Bon Jovi

Julia
    $1200 25
Connecticut

Julia
    $1600 6
Marjorie

Triple Stumper
    $1600 29
testosterone

Brad
    $1600 18
(Charlie) Rangel

Zia
    $1,000 23
(Brad: What is a wake-up calling card?)

a wake-up call number

Brad
    $1600 13
Pat Benatar

Brad
    $1600 26
Henry Clay

Julia
    $2000 9
(Julia: What is Tristam?)

Tristram

Julia
Triple Stumper
    $2000 30
(Brad: What is the clavicle?)

the sternum

JuliaBrad
    $2000 19
(Darrell) Issa

Zia
    $2000 24
a beauty Queen's Counsel

Triple Stumper
    $2000 14
the Baha Men

Brad
    $2000 27
The Waste Land

Julia

Scores at the end of the Double Jeopardy! Round:

Julia Zia Brad
$12,300 $8,200 $7,800

[wagering suggestions for these scores]

Final Jeopardy! Round responses

HOLIDAYS IN OTHER COUNTRIES
BradWhat is Sierra Leone?
$7,700
ZiaWhat is the Netherlands?
$7,400
JuliaWhat is Liberia?
$4,200
Liberia

Final scores:

Julia Zia Brad
$16,500 $800 $100
3-day champion: $53,105 2nd place: $2,000 3rd place: $1,000

Game dynamics:

Coryat scores:

Julia Zia Brad
$12,200 $8,200 $10,800
18 R
(including 1 DD),
2 W
8 R,
0 W
21 R,
6 W
(including 2 DDs)

Combined Coryat: $31,200

[game clues] [game scores] [suggest correction]

Game tape date: 2014-01-15
The J! Archive is created by fans, for fans. Scraping, republication, monetization, and malicious use prohibited; this site may use cookies and collect identifying information. See terms. The Jeopardy! game show and all elements thereof, including but not limited to copyright and trademark thereto, are the property of Jeopardy Productions, Inc. and are protected under law. This website is not affiliated with, sponsored by, or operated by Jeopardy Productions, Inc. Join the discussion at JBoard.tv.